Conocer el mundo : enciclopedia salvat de todos los países :
Guardado en:
| Formato: | Libro |
|---|---|
| Publicado: |
Pamplona :
Salvat,
1975
|
| Materias: | |
| Etiquetas: |
Agregar Etiqueta
Sin Etiquetas, Sea el primero en etiquetar este registro!
|
| LEADER | 00795nam a22001695a 4500 | ||
|---|---|---|---|
| 001 | CEM.cems012822 | ||
| 005 | 20080401123208.0 | ||
| 008 | 130507s1975##################000#0#####d | ||
| 003 | CEMS | ||
| 020 | |a 8471374560 | ||
| 082 | 0 | 4 | |a C910 |
| 245 | 0 | 0 | |a Conocer el mundo : |b enciclopedia salvat de todos los países : |
| 260 | |a Pamplona : |b Salvat, |c 1975 | ||
| 505 | 0 | |a Argentina -- Islas Malvinas -- Tristan da Cunha -- Chile -- Oceanía -- Australia -- Papua - Nueva Guinea -- Nueva Zelanda -- Nauru -- Salomón -- Tuvalu -- Fidji -- Samoa Occidental -- Tonga -- Kiribati -- Oceanía británica -- Nuevas Hébridas -- Oceanía francesa -- Oceanía estadounidense -- Tierras polares | |
| 653 | |a Geografía | ||
| 653 | |a Geografía general | ||
| 859 | |a CEMS |b BIB. CEMS - 11 de abril |h C910 |i Sa38 |p 25038.08 |t Ej.1 |v XV |3 XV | ||
